00699cam a22003014i 4500003000900000005001700009008004100026035001900067040003300086082002100119100002800140245005900168264000500227336002100232337002500253338002300278526001000301526001000311526001000321526001000331526000800341526000800349526000800357526000800365526000800373526000800381526000800389PE-LiUPU20250731173231.0150625s r 000 0 d a(Sirsi) a34611 aPE-LiUPUbspacPE-LiUPUerda04a248.843bL232211 aLandorf, Joyce,eautor.10aChange points, when we need him most /cJoyce Landorf. 1a atext2rdacontent aunmediated2rdamedia avolume2rdacarrier aSEG42 aSEG41 aSEG40 aSEG39 aP94 aP87 aP86 aP85 aP77 aP76 aP35